[Event "AUTO-INT-2417"]
[Site "http://www.queenalice.com/game.php?id=1096738"]
[Date "2012.8.26"]
[Round "1"]
[White "santiaguinoazul"]
[Black "voodoozebra"]
[Result "0-1"]
[WhiteElo "1671"]
[BlackElo "1741"]
[ECO "C00"]

1. e4 e6 2. Nf3 Bc5 3. d4 Bb6 4. Nc3 Nf6 5. e5 Nd5 6. Bc4 Nxc3 7. bxc3 d5 8.
Bb5+ Bd7 9. c4 Bxb5 10. cxb5 c5 11. dxc5 Bxc5 12. Bg5 Qa5+ 13. Nd2 Qxb5 14. Rb1
Qa6 15. a4 Nc6 16. c3 Nxe5 17. Rb5 b6 18. Nb3 Qxa4 19. Rxc5 bxc5 20. O-O O-O 21.
f4 Nc4 22. Nxc5 Qxd1 23. Rxd1 f6 24. Bh4 Rfe8 25. Na6 Rac8 26. Bf2 Nd6 27. Bc5
Ne4 28. Bxa7 Rxc3 29. Bd4 Rc4 30. h4 Rec8 31. Bf2 Nxf2 32. Kxf2 Rxf4+ 33. Ke3
Rxh4 34. Rb1 d4+ 35. Kd3 Rc3+ 36. Kd2 Rh2 37. Rg1 e5 38. Nb4 Rg3 39. Nd3 Rhxg2+
40. Rxg2 Rxg2+ 0-1

[Event "AUTO-INT-2417"]
[Site "http://www.queenalice.com/game.php?id=1096743"]
[Date "2012.8.26"]
[Round "1"]
[White "Clayton"]
[Black "santiaguinoazul"]
[Result "1-0"]
[WhiteElo "1773"]
[BlackElo "1674"]
[ECO "C20"]

1. e4 e5 2. c3 Nf6 3. d3 d5 4. Bg5 Be7 5. Bxf6 Bxf6 6. Nd2 d4 7. cxd4 Qxd4 8.
Qc2 Nc6 9. Ngf3 Qb6 10. Be2 Nd4 11. Nxd4 exd4 12. Nc4 Qc6 13. Bf3 Qc5 14. Qb3 b5
15. Nd2 Be6 16. Qd1 O-O 17. O-O Rae8 18. Rc1 Qe5 19. Nb3 g6 20. Rc5 Qf4 21. Rxb5
h5 22. g3 Qh6 23. Qc2 Bd7 24. Rc5 Be5 25. Qe2 Qg5 26. Nxd4 h4 27. Nb3 f5 28.
exf5 Bxg3 29. Be4 Bd6+ 30. Kh1 h3 31. Rg1 Qf4 32. Rxg6+ Kf7 33. Bd5+ Re6 34.
Bxe6+ Ke7 35. f3 Bxc5 36. Nxc5 Qc1+ 37. Rg1 Qxc5 38. Rg7+ Kf6 39. Qd2 Kxg7 40.
Qg5+ Kh8 41. Qh6# 1-0

[Event "AUTO-INT-2417"]
[Site "http://www.queenalice.com/game.php?id=1096744"]
[Date "2012.8.26"]
[Round "1"]
[White "santiaguinoazul"]
[Black "Clayton"]
[Result "0-1"]
[WhiteElo "1674"]
[BlackElo "1716"]
[ECO "C50"]

1. e4 e5 2. Nf3 Nc6 3. Nc3 Nf6 4. Bc4 Bc5 5. Ng5 O-O 6. d3 d6 7. Nd5 Bg4 8.
Nxf6+ Qxf6 9. Nf3 Nd4 10. Be3 Nxf3+ 11. gxf3 Bxf3 12. Qd2 Bxe3 13. Qxe3 Bxh1 14.
O-O-O Bf3 15. Rg1 Qf4 16. Bd5 Qxe3+ 17. fxe3 c6 18. Bb3 g6 19. c4 Kg7 20. d4
Bxe4 21. Rg4 f5 22. Rg5 exd4 23. exd4 Rfe8 24. c5 dxc5 25. dxc5 Bd5 26. Bc2 Re1+
27. Kd2 Rae8 28. Bxf5 R1e5 29. h4 Rxf5 0-1

[Event "AUTO-INT-2261"]
[Site "http://www.queenalice.com/game.php?id=1104678"]
[Date "2012.9.20"]
[Round "2"]
[White "jmsteinfeld"]
[Black "santiaguinoazul"]
[Result "1-0"]
[WhiteElo "1789"]
[BlackElo "1608"]
[ECO "C55"]

1. e4 e5 2. Bc4 Nf6 3. d3 Nc6 4. Nf3 d6 5. h3 d5 6. exd5 Nxd5 7. Bxd5 Qxd5 8.
Nc3 Bb4 9. Bd2 Bxc3 10. Bxc3 O-O 11. O-O Be6 12. Re1 f6 13. a3 h5 14. Nh4 e4 15.
dxe4 Qxd1 16. Raxd1 Rae8 17. f4 Kh7 18. f5 Bf7 19. Rd7 Ne5 20. Bxe5 Rxe5 21.
Rxc7 Be8 22. Ng6 Bxg6 23. fxg6+ Kxg6 24. Rxb7 a5 25. Kf2 h4 26. c4 Rc5 27. b3
Kg5 28. Rb5 Rxb5 29. cxb5 Rb8 30. a4 f5 31. e5 Re8 32. Kf3 f4 33. e6 Re7 34. b6
Kf6 35. Kxf4 g5+ 36. Kg4 Rb7 37. e7 Rxe7 38. Rxe7 Kxe7 39. b7 1-0

[Event "AUTO-INT-2261"]
[Site "http://www.queenalice.com/game.php?id=1104679"]
[Date "2012.9.20"]
[Round "2"]
[White "santiaguinoazul"]
[Black "jmsteinfeld"]
[Result "0-1"]
[WhiteElo "1599"]
[BlackElo "1780"]
[ECO "C62"]

1. e4 e5 2. Nf3 Nc6 3. Bb5 d6 4. Nc3 a6 5. Bxc6+ bxc6 6. d4 Bg4 7. d5 c5 8. h3
Bxf3 9. Qxf3 Qf6 10. Qxf6 Nxf6 11. Be3 Be7 12. O-O-O O-O 13. g4 h6 14. f4 exf4
15. Bxf4 Nd7 16. h4 Ne5 17. g5 h5 18. Rdf1 Ng4 19. Ne2 Rfc8 20. Ng3 g6 21. c4
Rab8 22. b3 f6 23. gxf6 Bxf6 24. Bg5 Bxg5+ 25. Kb2 a5 26. hxg5 a4 27. Rf3 axb3
28. axb3 Ne5 29. Rf6 Rf8 30. Rxf8+ Rxf8 31. Kc3 Rf3+ 32. Kb2 Rxg3 33. Ra1 Rg2+
34. Kc3 Rxg5 35. Ra8+ Kg7 36. Rc8 Rg3+ 37. Kd2 Rxb3 0-1

[Event "AUTO-INT-2261"]
[Site "http://www.queenalice.com/game.php?id=1104682"]
[Date "2012.9.20"]
[Round "2"]
[White "danieldignet"]
[Black "santiaguinoazul"]
[Result "0-1"]
[WhiteElo "1905"]
[BlackElo "1579"]
[ECO "C47"]

1. e4 e5 2. Nf3 Nc6 3. Nc3 Nf6 4. Be2 Nd4 5. d3 Bb4 6. Bd2 Nxf3+ 7. Bxf3 d6 8.
O-O h5 9. a3 Bc5 10. Na4 Ng4 11. h3 Bxf2+ 12. Rxf2 Nxf2 13. Kxf2 Qh4+ 14. Kg1
Be6 15. Qe2 g5 16. Be1 Qf4 17. g3 Qf6 18. Bxh5 Bxh3 19. g4 O-O-O 20. Kh2 Rxh5
21. gxh5 Qe6 22. Kg3 g4 23. Bd2 Rh8 24. h6 f5 25. exf5 Qxf5 26. Qf2 Qh5 27. Nc3
c6 28. Ne4 d5 29. Qf6 Qe8 0-1

[Event "AUTO-INT-2261"]
[Site "http://www.queenalice.com/game.php?id=1104683"]
[Date "2012.9.20"]
[Round "2"]
[White "santiaguinoazul"]
[Black "danieldignet"]
[Result "0-1"]
[WhiteElo "1606"]
[BlackElo "1938"]
[ECO "B23"]

1. e4 c5 2. Nc3 e6 3. Bc4 d6 4. Nf3 h6 5. d4 cxd4 6. Nxd4 Nf6 7. f4 Nc6 8. Nxc6
bxc6 9. e5 Nd5 10. Nxd5 cxd5 11. Bb5+ Bd7 12. Bxd7+ Qxd7 13. f5 dxe5 14. g4 exf5
15. gxf5 Rc8 16. Rf1 Be7 17. b3 Bh4+ 18. Kd2 d4 19. Bb2 Bg5+ 20. Ke1 Qc6 21. a4
O-O 22. a5 Qe4+ 23. Qe2 Bh4+ 24. Kd2 Qxc2# 0-1

[Event "AUTO-INT-2261"]
[Site "http://www.queenalice.com/game.php?id=1104684"]
[Date "2012.9.20"]
[Round "2"]
[White "ven10"]
[Black "santiaguinoazul"]
[Result "1-0"]
[WhiteElo "1851"]
[BlackElo "1584"]
[ECO "A41"]

1. d4 d6 2. c4 e6 3. Nc3 Nc6 4. e3 Nf6 5. Nf3 d5 6. Be2 Bb4 7. O-O Bxc3 8. bxc3
Ne4 9. Bd3 Nxc3 10. Qc2 dxc4 11. Bxc4 Nd5 12. Re1 h6 13. e4 Ndb4 14. Qc3 g5 15.
d5 exd5 16. Qxh8+ Kd7 17. Qxd8+ Nxd8 18. exd5 Nc2 19. Bb2 Nxe1 20. Rxe1 g4 21.
Nh4 c6 22. dxc6+ Nxc6 23. Bb5 a6 24. Bxc6+ bxc6 25. Re4 h5 26. g3 Bb7 27. Rf4 c5
28. Rxf7+ 1-0

[Event "AUTO-INT-2261"]
[Site "http://www.queenalice.com/game.php?id=1104685"]
[Date "2012.9.20"]
[Round "2"]
[White "santiaguinoazul"]
[Black "ven10"]
[Result "0-1"]
[WhiteElo "1590"]
[BlackElo "1845"]
[ECO "B45"]

1. e4 c5 2. Nf3 e6 3. d4 cxd4 4. Nxd4 Nc6 5. Nc3 d6 6. Bb5 Qc7 7. a4 a6 8. Bxc6+
bxc6 9. b4 d5 10. Nce2 Bxb4+ 11. c3 Ba5 12. Bd2 Nf6 13. exd5 exd5 14. Qb3 O-O
15. Bf4 Qb7 16. Bd6 Re8 17. Rb1 Bxc3+ 18. Kd1 Qxb3+ 19. Nxb3 Be5 20. Bxe5 Rxe5
21. Nc5 Ne4 22. Nxe4 Rxe4 23. f3 Rxa4 24. Kd2 Ra2+ 25. Ke3 Bf5 0-1

[Event "AUTO-INT-2456"]
[Site "http://www.queenalice.com/game.php?id=1110503"]
[Date "2012.10.8"]
[Round "1"]
[White "santiaguinoazul"]
[Black "Antero"]
[Result "0-1"]
[WhiteElo "1575"]
[BlackElo "1837"]
[ECO "C50"]

1. e4 e5 2. Nf3 Nc6 3. Bc4 h6 4. d4 d6 5. d5 Na5 6. Bb5+ c6 7. dxc6 bxc6 8. Ba4
Bd7 9. Nc3 Nf6 10. h3 g5 11. g4 Be7 12. b4 Nb7 13. Ba3 a6 14. Bb3 O-O 15. Bb2
Be6 16. Bxe6 fxe6 17. Ne2 Nxe4 18. c4 c5 19. b5 Rxf3 20. Nd4 Rf6 21. f3 Qa5+ 22.
Kf1 Ng3+ 23. Kg2 Nxh1 24. Nb3 Qb6 25. Qxh1 axb5 26. Qc1 Na5 27. Nd2 b4 28. Ne4
Rff8 29. Qc2 Kg7 30. h4 gxh4 31. Rg1 b3 32. axb3 Qxb3 33. Qxb3 Nxb3 34. Kh1 Ra2
35. Bc3 Rf2 36. Nxf2 Rxf3 37. Ne4 Na5 38. Bxa5 d5 39. cxd5 exd5 40. Bd2 dxe4 41.
g5 hxg5 42. Bxg5 Bxg5 43. Rxg5+ Kf6 44. Rg8 Rf4 45. Rf8+ Kg5 46. Rc8 e3 47. Rg8+
Kf5 48. Rf8+ Ke4 49. Rxf4+ Kxf4 0-1

[Event "AUTO-INT-2456"]
[Site "http://www.queenalice.com/game.php?id=1110504"]
[Date "2012.10.8"]
[Round "1"]
[White "Antero"]
[Black "santiaguinoazul"]
[Result "1-0"]
[WhiteElo "1634"]
[BlackElo "1646"]
[ECO "C48"]

1. e4 e5 2. Nf3 Nc6 3. Bb5 Bc5 4. Nc3 Nf6 5. O-O a6 6. Ba4 b5 7. Bb3 b4 8. Nd5
Bb7 9. d3 Nd4 10. Nxd4 Bxd4 11. c3 bxc3 12. bxc3 Nxd5 13. exd5 Bxc3 14. Rb1 Qh4
15. Qc2 Ba5 16. Qc4 Qxc4 17. dxc4 O-O 18. c5 c6 19. Rd1 Rfc8 20. d6 Bb4 21. Be3
a5 22. Bc4 Kh8 23. a3 Bc3 24. Rxb7 Rd8 25. Bd2 Bxd2 26. Rxd2 f5 27. Re2 e4 28.
f3 exf3 29. Re7 Re8 30. gxf3 g5 31. Rbxd7 Reb8 32. Rxh7# 1-0

[Event "AUTO-INT-2456"]
[Site "http://www.queenalice.com/game.php?id=1110505"]
[Date "2012.10.8"]
[Round "1"]
[White "santiaguinoazul"]
[Black "polly"]
[Result "0-1"]
[WhiteElo "1590"]
[BlackElo "1618"]
[ECO "C44"]

1. e4 e5 2. Nf3 Nc6 3. d4 d6 4. c3 Nf6 5. d5 Na5 6. b4 Bg4 7. h3 Bxf3 8. Qxf3
Nb3 9. Bb2 Nxa1 10. Bxa1 Be7 11. Bb5+ Nd7 12. c4 O-O 13. Nc3 a6 14. Bxd7 Qxd7
15. g4 Bg5 16. h4 Bf4 17. Ne2 Qa4 18. Qb3 Qxb3 19. Nxf4 Qb1+ 0-1

[Event "AUTO-INT-2456"]
[Site "http://www.queenalice.com/game.php?id=1110506"]
[Date "2012.10.8"]
[Round "1"]
[White "polly"]
[Black "santiaguinoazul"]
[Result "1-0"]
[WhiteElo "1649"]
[BlackElo "1593"]
[ECO "C50"]

1. e4 e5 2. Nf3 Nc6 3. Bc4 Nf6 4. Nc3 Bc5 5. O-O Ng4 6. d3 h6 7. Be3 Bxe3 8.
fxe3 Nxe3 9. Qe2 Ng4 10. h3 Nf6 11. Nd1 d6 12. Nf2 g5 13. g4 h5 14. Nxg5 hxg4
15. Bxf7+ Kd7 16. Nxg4 Nd4 17. Qg2 Nxg4 18. Qxg4+ Ke7 19. Ne6 Bxe6 20. Bxe6 Nxc2
21. Rf7+ Ke8 22. Raf1 1-0

[Event "AUTO-INT-2456"]
[Site "http://www.queenalice.com/game.php?id=1110507"]
[Date "2012.10.8"]
[Round "1"]
[White "santiaguinoazul"]
[Black "voodoozebra"]
[Result "1-0"]
[WhiteElo "1569"]
[BlackElo "1778"]
[ECO "C00"]

1. e4 e6 2. Nf3 b6 3. Nc3 Bb7 4. d4 Bb4 5. Bd2 Bxc3 6. Bxc3 Bxe4 7. Ne5 d6 8. f3
dxe5 9. fxe4 Qh4+ 10. Kd2 Qxe4 11. Qf3 Qxf3 12. gxf3 exd4 13. Bxd4 f6 14. Bc4 e5
15. Rhe1 Nd7 16. f4 O-O-O 17. Bc3 exf4 18. Rad1 Ne5+ 19. Kc1 Nxc4 20. Rxd8+ Kxd8
21. Re4 Ne3 22. Rxf4 Ne7 23. Rd4+ Kc8 24. Re4 N7f5 25. b4 Rd8 26. a4 Rd1+ 27.
Kb2 Rh1 28. Re8+ Kb7 29. a5 Rxh2 30. b5 Rxc2+ 31. Kb1 Rxc3 32. a6# 1-0

[Event "AUTO-INT-2456"]
[Site "http://www.queenalice.com/game.php?id=1110508"]
[Date "2012.10.8"]
[Round "1"]
[White "voodoozebra"]
[Black "santiaguinoazul"]
[Result "1-0"]
[WhiteElo "1754"]
[BlackElo "1630"]
[ECO "C42"]

1. e4 e5 2. Nf3 Nf6 3. Bc4 Nxe4 4. Nxe5 d5 5. Qf3 f5 6. Bb3 Nc6 7. Nxc6 bxc6 8.
Qe2 Be6 9. d3 Nc5 10. O-O Bd6 11. Re1 f4 12. c4 O-O 13. Qf3 g5 14. cxd5 cxd5 15.
Bxd5 Bxd5 16. Qxd5+ Kh8 17. b4 f3 18. Bb2+ Rf6 19. Re8+ Qxe8 20. Bxf6# 1-0

[Event "AUTO-ADV-2643"]
[Site "http://www.queenalice.com/game.php?id=1110590"]
[Date "2012.10.8"]
[Round "1"]
[White "clovis"]
[Black "santiaguinoazul"]
[Result "1-0"]
[WhiteElo "1923"]
[BlackElo "1651"]
[ECO "C28"]

1. e4 e5 2. Bc4 Nf6 3. Nc3 Nc6 4. d3 Nd4 5. Nf3 Bb4 6. Nxe5 d6 7. Nxf7 Qe7 8.
Nxh8 Be6 9. O-O O-O-O 10. Bg5 Rxh8 11. f4 Bc5 12. Kh1 h6 13. Bh4 Qd7 14. e5 dxe5
15. fxe5 Ng4 16. Ne4 Be7 17. Bxe7 Qxe7 18. c3 Qh4 19. Bxe6+ Nxe6 20. h3 h5 21.
Qe1 Qxe1 22. Raxe1 Nxe5 23. Ng5 Nxg5 24. Rxe5 b6 25. Rxg5 h4 26. Rxg7 a5 27.
Rff7 Re8 28. Rxc7+ Kd8 29. Rgd7# 1-0

[Event "AUTO-ADV-2643"]
[Site "http://www.queenalice.com/game.php?id=1110591"]
[Date "2012.10.8"]
[Round "1"]
[White "santiaguinoazul"]
[Black "clovis"]
[Result "1-0"]
[WhiteElo "1644"]
[BlackElo "1813"]
[ECO "C50"]

1. e4 e5 2. Nf3 Nc6 3. Bc4 Nf6 4. d3 Bc5 5. Bg5 O-O 6. Nc3 d6 7. Nd5 Be6 8.
Nxf6+ gxf6 9. Bh6 Re8 10. Bxe6 fxe6 11. Nxe5 fxe5 12. Qg4+ 1-0

[Event "AUTO-ADV-2643"]
[Site "http://www.queenalice.com/game.php?id=1110604"]
[Date "2012.10.8"]
[Round "1"]
[White "hugo2011"]
[Black "santiaguinoazul"]
[Result "0-1"]
[WhiteElo "1764"]
[BlackElo "1650"]
[ECO "C45"]

1. e4 e5 2. Nf3 Nc6 3. d4 exd4 4. Nxd4 Bc5 5. Nxc6 bxc6 6. Nc3 Qh4 7. Qf3 Nf6 8.
g3 Qh5 9. Qxh5 Nxh5 10. Be2 d6 11. Bxh5 Bh3 12. Be3 g6 13. Bf3 Bxe3 14. Ke2 Bd4
15. Rad1 Bxc3 16. bxc3 O-O 17. Rd3 Rae8 18. g4 h5 19. gxh5 g5 20. Kd2 g4 21.
Bxg4 Bxg4 22. f3 Bxh5 23. Rg1+ Bg6 24. h4 Kh7 25. Ke3 f5 26. e5 f4+ 27. Kd2 Rxe5
28. c4 Bxd3 29. cxd3 Rg8 30. Rb1 Rg2+ 31. Kc3 Rf2 32. Rb7 Rxf3 33. Rxc7+ Kh6 34.
Rxc6 Kh5 35. Rxd6 Ra5 36. Kb4 Rxa2 37. d4 a5+ 38. Kb5 Rb3+ 39. Kc5 a4 40. d5 f3
41. Rf6 f2 42. d6 Rb1 43. d7 f1=Q 44. d8=Q Qg1+ 45. Kc6 Rb6+ 46. Kc7 Qc5+ 47.
Kd7 Rd2+ 48. Ke8 Rxd8+ 49. Kxd8 Rxf6 0-1

[Event "AUTO-ADV-2643"]
[Site "http://www.queenalice.com/game.php?id=1110605"]
[Date "2012.10.8"]
[Round "1"]
[White "santiaguinoazul"]
[Black "hugo2011"]
[Result "0-1"]
[WhiteElo "1652"]
[BlackElo "1761"]
[ECO "C60"]

1. e4 e5 2. Nf3 Nc6 3. Bb5 d5 4. Nxe5 Ne7 5. Bxc6+ bxc6 6. d3 f6 7. Nf3 Bg4 8.
exd5 Qxd5 9. Nc3 Qe6+ 10. Be3 Nf5 11. Ne4 Nxe3 12. fxe3 Bxf3 13. Qxf3 Bc5 14.
Nxc5 Qd6 15. Qe4+ Kf7 16. d4 Rae8 17. Qd3 h5 18. h4 Qg3+ 19. Kd2 Qxg2+ 20. Qe2
Qd5 21. a4 f5 22. c4 Qd8 23. Nb7 Qb8 24. Nc5 Qxb2+ 25. Kd3 Qxe2+ 26. Kc3 Rxe3+
27. Kb4 Qb2+ 28. Ka5 Qb6# 0-1

[Event "AUTO-ADV-2643"]
[Site "http://www.queenalice.com/game.php?id=1110614"]
[Date "2012.10.8"]
[Round "1"]
[White "santiaguinoazul"]
[Black "josebaron"]
[Result "0-1"]
[WhiteElo "1652"]
[BlackElo "1859"]
[ECO "C50"]

1. e4 e5 2. Nf3 Nc6 3. Nc3 Nf6 4. Bc4 Bc5 5. d3 O-O 6. Bg5 h6 7. h4 hxg5 8. hxg5
Nh7 9. g6 Ng5 10. Nxg5 Qxg5 11. gxf7+ Rxf7 12. g3 Nd8 13. f4 Qxg3+ 14. Ke2 Qf2#
0-1

[Event "AUTO-ADV-2643"]
[Site "http://www.queenalice.com/game.php?id=1110615"]
[Date "2012.10.8"]
[Round "1"]
[White "josebaron"]
[Black "santiaguinoazul"]
[Result "1-0"]
[WhiteElo "1862"]
[BlackElo "1619"]
[ECO "C40"]

1. e4 e5 2. Nf3 d5 3. exd5 Qxd5 4. Nc3 Qc5 5. Be2 Nf6 6. h3 Nc6 7. O-O e4 8. Nh2
Bd6 9. Ng4 Bxg4 10. Bxg4 h5 11. Be2 Nd4 12. d3 Nf5 13. dxe4 Nh4 14. Be3 Qe5 15.
f4 Qe6 16. e5 O-O-O 17. Qe1 Bxe5 18. fxe5 Rdg8 19. Bg5 Qxe5 20. Bxh4 g5 21. Bg3
Qe3+ 22. Bf2 Qe5 23. Bxa7 h4 24. Bg4+ Nxg4 25. hxg4 h3 26. Qxe5 Rh4 27. Qf5+ Kd8
28. Rad1+ Ke8 29. Qxf7# 1-0

[Event "AUTO-INT-2376"]
[Site "http://www.queenalice.com/game.php?id=1114382"]
[Date "2012.10.20"]
[Round "2"]
[White "daddyrat"]
[Black "santiaguinoazul"]
[Result "1-0"]
[WhiteElo "1690"]
[BlackElo "1603"]
[ECO "C44"]

1. e4 e5 2. Nf3 Nc6 3. d4 exd4 4. Nxd4 Nxd4 5. Qxd4 Nf6 6. Be2 b6 7. Nc3 Bc5 8.
Qe5+ Qe7 9. Qxe7+ Bxe7 10. e5 Ng8 11. Nd5 Kd8 12. Bf3 c6 13. Nxe7 Nxe7 14. Bg5
d5 15. exd6 f6 16. dxe7+ Kxe7 17. Be3 Re8 18. O-O Bf5 19. Rfe1 Kf7 20. Bxc6 Rxe3
21. Rxe3 Bxc2 22. Bxa8 1-0

[Event "AUTO-INT-2376"]
[Site "http://www.queenalice.com/game.php?id=1114383"]
[Date "2012.10.20"]
[Round "2"]
[White "santiaguinoazul"]
[Black "daddyrat"]
[Result "0-1"]
[WhiteElo "1579"]
[BlackElo "1688"]
[ECO "C50"]

1. e4 e5 2. Nf3 Nc6 3. Bc4 h6 4. Nc3 d6 5. d3 Be6 6. Nd5 Bxd5 7. Bxd5 Nf6 8.
Bxc6+ bxc6 9. b3 d5 10. Nxe5 dxe4 11. Nxc6 Qd5 12. Nxa7 Rxa7 13. dxe4 Qxe4+ 14.
Be3 Bd6 15. O-O O-O 16. a4 Ng4 17. Re1 Bxh2+ 18. Kh1 Raa8 19. Bc5 Qf4 20. Be3
Nxe3 21. fxe3 Qe5 22. Qf3 Bg3 23. Red1 Rfd8 24. Rxd8+ Rxd8 25. Rf1 f6 26. c4 Rd3
27. b4 Rxe3 28. Qa8+ Kh7 0-1

[Event "AUTO-INT-2376"]
[Site "http://www.queenalice.com/game.php?id=1114390"]
[Date "2012.10.20"]
[Round "2"]
[White "santiaguinoazul"]
[Black "vult0"]
[Result "0-1"]
[WhiteElo "1658"]
[BlackElo "1883"]
[ECO "C50"]

1. e4 e5 2. Nf3 Nc6 3. Bc4 h6 4. Nc3 Nf6 5. d3 d6 6. Nd5 Be6 7. Bb5 Nxd5 8. exd5
Bxd5 9. Bxc6+ Bxc6 10. Qe2 Qf6 11. h4 Qe6 12. Be3 d5 13. O-O-O d4 14. Bd2 Bd6
15. c3 Qxa2 16. Be1 Ba4 17. Nd2 dxc3 18. Nc4 Qa1# 0-1

[Event "AUTO-INT-2376"]
[Site "http://www.queenalice.com/game.php?id=1114391"]
[Date "2012.10.20"]
[Round "2"]
[White "vult0"]
[Black "santiaguinoazul"]
[Result "1-0"]
[WhiteElo "1834"]
[BlackElo "1613"]
[ECO "C40"]

1. e4 e5 2. Nf3 Nc6 3. c3 Nf6 4. d3 d5 5. exd5 Nxd5 6. c4 Bb4+ 7. Bd2 Bxd2+ 8.
Nbxd2 Nf4 9. Qc2 Nb4 10. Qa4+ Nc6 11. Qb3 Qe7 12. Be2 Nxg2+ 13. Kd1 Be6 14. Rg1
Nf4 15. Rxg7 Ng6 16. Qxb7 Rb8 17. Qxc6+ Kf8 18. Rxg6 hxg6 19. Nxe5 Qd6 20. Ndf3
Rb6 21. Qxd6+ Rxd6 22. Kd2 Rh5 23. Kc3 Bg4 24. Nxg4 f5 25. Ne3 c5 26. Nd5 g5 27.
Rh1 g4 28. Ne5 1-0